[Event "Match"]
[Site "www.echecsemail.com"]
[Date "2018.04.17"]
[Round "1"]
[White "Whitekknight"]
[Black "Lug47"]
[WhiteElo "1890"]
[BlackElo "1499"]
[Result "1-0"]
[Round "1"]
1.d4 d5
2.e4 Ng8f6
3.e5 Nf6e4
4.Bf1d3 Nb8d7
5.Ng1f3 c5
6.c3 e6
7.O-O Bf8e7
8.Bc1e3 f6
9.exf6 Nd7xf6
10.dxc5 O-O
11.b4 e5
12.Nf3xe5 Nf6g4
13.Ne5xg4 d4
14.cxd4 Qd8d7
15.Ng4e5 Ne4g3
16.Bd3c4 Qd7e6
17.Bc4xe6 Bc8xe6
18.hxg3 Rf8f5
19.Nb1c3 Ra8f8
20.g4 Rf5f6
21.Be3g5 h6
22.Bg5xf6 Be7xf6
23.Nc3e4 Be6d5
24.Ne4xf6 Rf8xf6
25.Qd1a4 a6
26.Rf1e1 h5
27.Qa4e8 Rf6f8
28.Qe8xh5 Bd5f7
29.Ne5xf7 { resign }
1-0

[Event "Match"]
[Site "www.echecsemail.com"]
[Date "2018.04.17"]
[Round "1"]
[White "Biohazard"]
[Black "Jacks"]
[WhiteElo "2800"]
[BlackElo "2840"]
[Result "1/2-1/2"]
[Round "1"]
1.c3 d5
2.g3 e5
3.d4 exd4
4.cxd4 Bf8d6
5.Nb1c3 c6
6.Bc1f4 Ng8f6
7.Bf4xd6 Qd8xd6
8.Ng1f3 O-O
9.Bf1g2 Rf8e8
10.O-O { draw }
1/2-1/2

[Event "Match"]
[Site "www.echecsemail.com"]
[Date "2018.04.17"]
[Round "1"]
[White "Euwe1983"]
[Black "Caspito"]
[WhiteElo "1599"]
[BlackElo "1920"]
[Result "0-1"]
[Round "1"]
1.c4 e5
2.Nb1a3 Bf8xa3
3.bxa3 Ng8f6
4.d4 e4
5.f3 b6
6.Bc1f4 O-O
7.Qd1a4 c6
8.Bf4d6 Rf8e8
9.g4 exf3
10.Ng1xf3 Nf6e4
11.Qa4c2 Ne4xd6
12.g5 Bc8b7
13.Rh1g1 Nd6e4
14.g6 fxg6
15.Bf1h3 d5
16.c5 Bb7a6
17.Nf3e5 Qd8h4
18.Rg1g3 Ne4xg3
19.Qc2c3 Ng3xe2
20.Kd2 Ne2xc3
21.Kxc3 Qh4xh3
22.Kb4 Qh3xh2
23.Ra1f1 Qh2b2
24.Ka4 Qb2b5
{ resign }
0-1

[Event "Match"]
[Site "www.echecsemail.com"]
[Date "2018.04.17"]
[Round "1"]
[White "Goofy"]
[Black "Reda"]
[WhiteElo "2340"]
[BlackElo "1770"]
[Result "1/2-1/2"]
[Round "1"]
1.e4 e5
2.Ng1f3 Nb8c6
3.Bf1c4 h6
4.c3 Ng8f6
5.d3 Bf8c5
6.h3 O-O
7.Bc4b3 d5
8.Qd1e2 Bc8e6
9.Bb3c2 d4
10.Nb1d2 dxc3
11.bxc3 Qd8e7
12.Nd2f1 Ra8d8
13.g4 Qe7d6
14.Nf1g3 Nc6e7
15.g5 hxg5
16.Nf3xg5 Qd6d7
17.Ng5xe6 Qd7xe6
18.Ng3h5 Nf6xh5
19.Qe2xh5 Qe6f6
20.Bc1e3 Bc5xe3
21.fxe3 Qf6g6
22.Qh5f3 { draw }
1/2-1/2

[Event "Match"]
[Site "www.echecsemail.com"]
[Date "2018.04.17"]
[Round "1"]
[White "Axphis"]
[Black "Liencam2"]
[WhiteElo "1809"]
[BlackElo "2270"]
[Result "0-1"]
[Round "1"]
1.Ng1f3 c5
2.g3 e6
3.Bf1g2 Ng8f6
4.O-O d5
5.c4 d4
6.d3 Nb8c6
7.Nb1a3 Bf8e7
8.Bc1f4 Nf6h5
9.Nf3e5 Nc6xe5
10.Bf4xe5 f6
11.e3 g6
12.g4 fxe5
13.gxh5 Qd8b6
14.hxg6 hxg6
15.Qd1g4 g5
16.Qg4e4 Bc8d7
17.Qe4g6 Kd8
18.Qg6g7 Rh8e8
19.Qg7xe5 Be7d6
20.Qe5g7 Kc7
21.Na3b5 Kc8
22.Bg2xb7 Kxb7
23.Qg7xd7 Bd6c7
24.exd4 cxd4
25.Ra1e1 Ra8d8
26.Qd7xc7 Qb6xc7
 { time }
0-1

[Event "1/16 Finale"]
[Site "www.chess-mail.com"]
[Date "2018.04.17"]
[Round "1"]
[White "Danquigley"]
[Black "Maxiboi"]
[WhiteElo "2560"]
[BlackElo "2890"]
[Result "0-1"]
[Round "1"]
1.d4 Ng8f6
2.c4 g6
3.Nb1c3 Bf8g7
4.e4 d6
5.f4 O-O
6.Ng1f3 c5
7.dxc5 Qd8a5
8.Bc1d2 Qa5xc5
9.b4 Qc5b6
10.Bf1d3 Nb8c6
11.Nc3a4 Qb6c7
12.Bd2c3 a6
13.Ra1c1 b5
14.cxb5 axb5
15.Bd3xb5 Bc8d7
16.Bc3xf6 Bg7xf6
17.e5 dxe5
18.fxe5 Bf6xe5
19.O-O Be5f4
20.Rc1c4 Qc7a7
21.Na4c5 Bf4d6
22.Kh1 Nc6e5
23.Nc5xd7 Ne5xc4
24.Nd7xf8 Nc4e3
25.Qd1d2 Ra8xf8
26.Rf1c1 Ne3g4
27.Qd2d4 Qa7b8
28.Qd4xg4 Qb8xb5
29.a3 Qb5d3
30.Qg4c4 Qd3xa3
31.b5 Rf8a8
32.Nf3g5 Qa3a2
33.Qc4xa2 Ra8xa2
34.Rc1b1 f6
35.Ng5e4 Bd6b8
36.g3 Kf7
37.Ne4c5 Bb8d6
38.Nc5b7 Ke6
39.Nb7xd6 Kxd6
40.g4 Kc5
41.b6 Ra2a8
42.Rb1e1 Kd6
43.Re1d1 Kc6
44.Rd1e1 Ra8e8
45.Re1e6 Kd7
46.Re6e3 Re8b8
47.Re3h3 h5
48.gxh5 gxh5
49.Rh3d3 Kc6
50.Rd3e3 Rb8b7
51.Kg2 Kxb6
52.Re3h3 Kc5
53.Rh3xh5 Kd4
54.Rh5f5 Ke4
55.Rf5f1 f5
{ resign }
0-1

[Event "1/128 Finale"]
[Site "www.chess-mail.com"]
[Date "2018.04.17"]
[Round "1"]
[White "Reignblowcan"]
[Black "Ranjachess"]
[WhiteElo "1499"]
[BlackElo "1840"]
[Result "1-0"]
[Round "1"]
1.d4 d5
2.c4 Nb8c6
3.Ng1f3 Bc8f5
4.cxd5 Qd8xd5
5.Nb1c3 Qd5d6
6.e4 Bf5g4
7.Nc3b5 Qd6d7
8.d5 O-O-O
9.Qd1b3 Kb8
10.dxc6 Qd7xc6
11.Bc1e3 Qc6xe4
12.Nf3g5 Bg4e6
13.Qb3a3 Qe4d5
14.Qa3xa7 Kc8
15.Ra1c1 c6
16.Qa7a8 Kd7
17.Qa8xb7 Ke8
18.Nb5c7 Kd7
19.Nc7xd5 Kd6
20.Qb7c7 Kxd5
21.Bf1c4 
1-0

[Event "Tourn. n9754"]
[Site "www.chess-mail.com"]
[Date "2018.04.18"]
[Round "1"]
[White "Prize64"]
[Black "Esperanza"]
[WhiteElo "2140"]
[BlackElo "2040"]
[Result "1-0"]
[Round "1"]
1.Ng1f3 d5
2.c4 e6
3.g3 Ng8f6
4.Bf1g2 Bf8e7
5.O-O O-O
6.b3 b5
7.Bc1b2 bxc4
8.bxc4  { time }
1-0

[Event "Tourn. n9779"]
[Site "www.chess-mail.com"]
[Date "2018.04.18"]
[Round "1"]
[White "Coolant"]
[Black "Mitja"]
[WhiteElo "2280"]
[BlackElo "2010"]
[Result "1-0"]
[Round "1"]
1.f4 d5
2.Ng1f3 e6
3.g3 Ng8f6
4.Bf1g2 c6
5.O-O Bf8e7
6.d3 Nb8d7
7.c3 b6
8.Qd1a4 Bc8b7
9.Nf3e5 Nd7xe5
10.fxe5 Nf6d7
11.Qa4g4 g6
12.Qg4f4 O-O
13.d4 Bb7a6
14.Rf1f2 f5
15.h4 Rf8f7
16.Nb1d2 Be7f8
17.Nd2f3 Bf8e7
18.Nf3g5 Be7xg5
19.Qf4xg5 Qd8xg5
20.Bc1xg5 Kg7
21.b3 h6
22.Bg5c1 Ra8f8
23.Bc1a3 Rf8c8
24.Ra1c1 h5
25.Bg2f1 Ba6b7
26.e3 a5
27.c4 dxc4
28.Bf1xc4 b5
29.Bc4xe6 { resign }
1-0

[Event "Tourn. n9687"]
[Site "www.chess-mail.com"]
[Date "2018.04.18"]
[Round "1"]
[White "Bojan"]
[Black "Sahlapalat"]
[WhiteElo "1950"]
[BlackElo "2090"]
[Result "1-0"]
[Round "1"]
1.e4 c5
2.Ng1f3 d6
3.Bf1c4 e6
4.d4 cxd4
5.Nf3xd4 Ng8f6
6.Bc1g5 Nb8c6
7.Bc4b5 Bc8d7
8.O-O a6
9.Nd4xc6 bxc6
10.Bb5d3 Bf8e7
11.Rf1e1 e5
12.Nb1d2 O-O
13.h3 h6
14.Bg5h4 Bd7e6
15.g4 Nf6d7
16.Bh4g3 Qd8b6
17.b3 Rf8d8
18.Kg2 Be7f6
19.Nd2c4 Qb6c7
20.Nc4e3 d5
21.Qd1e2 a5
22.a4 Rd8e8
23.Re1f1 Bf6g5
24.h4 Bg5f4
25.Qe2f3 Bf4xg3
26.Qf3xg3 Nd7c5
27.exd5 cxd5
28.Bd3e2 Nc5e4
29.Qg3h2 f6
30.Ra1c1 Re8c8
31.f3 Ne4c3
32.Be2d3 e4
33.fxe4 dxe4
34.Bd3c4 Qc7d7
35.Rf1f2 Be6xc4
36.Ne3xc4 Qd7xg4
37.Kh1 Rc8e8
38.Rf2g2 Qg4f3
39.Nc4d2 Qf3f5
40.Qh2g3 Re8e7
41.Qg3xc3 e3
42.Nd2f1 e2
43.Nf1g3 Qf5f4
44.Rc1e1 Ra8e8
45.h5 Qf4g4
46.Ng3xe2 Qg4xh5
47.Rg2h2 Qh5d5
48.Kg1 Re7e4
49.Rh2g2 Re8e6
50.Qc3g3 Re6e7
51.Kf1 Re4e3
52.Qg3h4 Re7e5
53.Qh4g4 Re5g5
54.Qg4c8 Kh7
55.Rg2xg5 Re3f3
56.Kg2 Rf3f5
57.Kh2 Rf5xg5
58.Ne2g3 Qd5f3
59.Re1g1 h5
60.Qc8c4 Kh6
61.Qc4f1 Rg5xg3
62.Qf1xf3 Rg3xf3
63.Rg1g3 Rf3f2
64.Rg3g2 Rf2f1
65.Kg3 g5
66.Rg2f2 h4
67.Kg2 h3
68.Kxf1 { resign }
1-0

[Event "Tourn. n9756"]
[Site "www.chess-mail.com"]
[Date "2018.04.18"]
[Round "1"]
[White "Bojan"]
[Black "Odin"]
[WhiteElo "1910"]
[BlackElo "1820"]
[Result "1-0"]
[Round "1"]
1.c4 e5
2.a3 Ng8f6
3.b4 b6
4.d3 c5
5.Bc1d2 Bf8e7
6.e4 Bc8b7
7.Qd1f3 h6
8.Bd2c3 d6
9.b5 a6
10.a4 O-O
11.g3 Qd8d7
12.Bf1h3 Qd7d8
13.Ng1e2 Nf6h7
14.Bc3b2 Nh7g5
15.Qf3g2 Ng5xh3
16.Qg2xh3 Bb7c8
17.Qh3h5 Nb8d7
18.f4 Nd7f6
19.Qh5f3 Bc8b7
20.Nb1c3 a5
21.O-O-O Nf6h7
22.Rd1f1 Rf8e8
23.h4 Nh7f6
24.g4 Re8f8
25.g5 Nf6h7
26.gxh6 g6
27.Qf3g3 Nh7f6
28.h5 Kh7
29.Rf1g1 Rf8g8
30.fxe5 Nf6xh5
31.Qg3f3 dxe5
32.Qf3xf7 Kxh6
33.Kc2 Rg8g7
34.Qf7f3 Be7h4
35.Ne2g3 Qd8f6
36.Qf3e3 Kh7
37.Nc3d5 Bb7xd5
38.exd5 Ra8f8
39.Ng3xh5 Qf6f2
40.Qe3xf2 Rf8xf2
41.Kb3 gxh5
42.Rg1xg7 Kxg7
43.Rh1xh4 Kg6
44.Bb2xe5 Kg5
45.Rh4h1 h4
46.Be5c7 Rf2f3
47.Kc3 Kg4
48.d6 h3
49.d7 { resign }
1-0

[Event "Tourn. n9757"]
[Site "www.chess-mail.com"]
[Date "2018.04.18"]
[Round "1"]
[White "Reda"]
[Black "Gandalf50"]
[WhiteElo "1770"]
[BlackElo "1499"]
[Result "0-1"]
[Round "1"]
1.d4 Ng8f6
2.Bc1f4 c5
3.Nb1c3 cxd4
4.Qd1xd4 Nb8c6
5.Qd4d1 Qd8a5
6.Ng1f3 d6
7.Bf4d2 Qa5b6
8.Ra1b1 g6
9.e3 Bf8g7
10.Bf1c4 O-O
11.O-O Bc8g4
12.h3 Bg4xf3
13.Qd1xf3 Ra8c8
14.Nc3d5 Nf6xd5
15.Bc4xd5 Nc6e5
16.Qf3e2 Rc8xc2
17.Qe2d1 Rc2c8
18.Bd2c3 e6
19.Bd5f3 Ne5xf3
20.Qd1xf3 Qb6c6
21.Qf3xc6 Rc8xc6
22.Bc3xg7 Kxg7
23.Rb1c1 Rf8c8
24.Rc1b1 Rc6c2
25.a4 Rc2d2
26.b4 Rc8c2
27.a5 a6
28.b5 Rc2a2
29.bxa6 bxa6
30.Rb1b6 Ra2xa5
31.Rf1c1 Ra5a2
32.Rc1f1 a5
33.Rb6b1 a4
34.Rb1d1 Rd2xd1
35.Rf1xd1 d5
36.f3 a3
37.Rd1d3 Ra2a1
38.Kh2 Kf6
39.Kg3 Ke5
40.f4 Kd6
41.e4 Kc5
42.exd5 exd5
43.Kf3 Kc4
44.Rd3d2 a2
45.Ke3 Ra1e1
46.Kf2 a1Q
{ resign }
0-1

[Event "Tourn. n9717"]
[Site "www.chess-mail.com"]
[Date "2018.04.18"]
[Round "1"]
[White "Esperanza"]
[Black "Coolant"]
[WhiteElo "2020"]
[BlackElo "2270"]
[Result "0-1"]
[Round "1"]
1.d4 Ng8f6
2.c4 e5
3.dxe5 Nf6g4
4.Ng1f3 Bf8c5
5.e3 Nb8c6
6.Bc1d2 Ng4xe5
7.Nf3xe5 Nc6xe5
8.Bd2c3 Qd8e7
9.Bf1e2 O-O
10.O-O d6
11.b4 Bc5b6
12.Nb1d2 a5
13.a3 Rf8e8
14.Nd2f3 axb4
15.axb4 Bc8g4
16.Nf3xe5 Ra8xa1
17.Bc3xa1 Bg4xe2
18.Qd1xe2 dxe5
19.c5 Bb6a7
20.Qe2a2 Ba7b8
21.Rf1d1 c6
22.g3 e4
23.Qa2b2 f6
 { time }
0-1

[Event "Tourn. n9730"]
[Site "www.chess-mail.com"]
[Date "2018.04.18"]
[Round "1"]
[White "Axphis"]
[Black "Krystek23"]
[WhiteElo "2289"]
[BlackElo "2470"]
[Result "0-1"]
[Round "1"]
1.d4 Ng8f6
2.Ng1f3 g6
3.c4 Bf8g7
4.Nb1c3 d6
5.e4 Nb8d7
6.h3 c6
7.Bc1e3 O-O
8.Bf1e2 Qd8c7
9.O-O e5
10.d5 Nd7c5
11.Nf3d2 a5
12.a3 Nc5a6
13.g4 h6
14.Kg2 c5
 { time }
0-1

[Event "Tourn. n9742"]
[Site "www.chess-mail.com"]
[Date "2018.04.18"]
[Round "1"]
[White "Esperanza"]
[Black "Mitja"]
[WhiteElo "2040"]
[BlackElo "2060"]
[Result "0-1"]
[Round "1"]
1.d4 d5
2.c4 dxc4
3.Ng1f3 e6
4.e3 c6
5.Bf1xc4 h6
6.O-O Ng8f6
7.Nb1c3 Bf8e7
8.e4 b6
9.Bc4d3 Bc8b7
10.e5 Nf6d5
11.Qd1e2 Qd8c8
12.h3 Nd5xc3
13.bxc3 Bb7a6
 { time }
0-1

[Event "Tourn. n9754"]
[Site "www.chess-mail.com"]
[Date "2018.04.18"]
[Round "1"]
[White "Amaya"]
[Black "Esperanza"]
[WhiteElo "2140"]
[BlackElo "2040"]
[Result "1-0"]
[Round "1"]
1.d4 d5
2.e3 e6
3.Bf1d3 Ng8f6
4.Nb1d2 c5
5.c3 Bf8e7
6.f4 O-O
7.Ng1f3 b6
8.O-O Bc8b7
9.a3  { time }
1-0

[Event "Tourn. n9683"]
[Site "www.chess-mail.com"]
[Date "2018.04.18"]
[Round "1"]
[White "Bigrezi"]
[Black "Sahlapalat"]
[WhiteElo "2260"]
[BlackElo "2090"]
[Result "0-1"]
[Round "1"]
1.e4 c5
2.Ng1f3 d6
3.Nb1c3 Nb8c6
4.d4 cxd4
5.Nf3xd4 Ng8f6
6.Bf1b5 Bc8d7
7.Nd4xc6 bxc6
8.Bb5e2 g6
9.O-O Bf8g7
10.Bc1e3 O-O
11.Ra1b1 Qd8a5
12.b4 Qa5c7
13.Qd1d2 Rf8d8
14.Rf1e1 Bd7e6
15.b5 cxb5
16.Nc3xb5 Qc7d7
17.f3 Be6xa2
18.Rb1a1 Ba2e6
19.Ra1a3 a6
20.Nb5d4 Qd7b7
21.Qd2a5 Be6d7
22.Be2xa6 Qb7b8
23.Ra3b3 Qb8a7
24.Nd4e6 Qa7xa6
25.Qa5xa6 Ra8xa6
26.Ne6xd8 Ra6a8
27.Nd8b7 Bd7e6
28.Rb3b6 Nf6d7
29.Rb6c6 Nd7e5
30.Rc6c3 Ne5xf3
31.gxf3 Bg7xc3
32.Re1b1 Kg7
33.Be3b6 Ra8b8
34.Nb7d8 Rb8xb6
35.Rb1xb6 Bc3d4
36.Kf1 Bd4xb6
37.Nd8c6 Be6c4
38.Ke1 e6
39.Nc6b4 Bb6a5
40.c3 f5
41.exf5 gxf5
42.f4 e5
43.fxe5 dxe5
44.Kd2 Kf6
45.Ke3 Ba5b6
46.Kf3 e4
47.Kf4 Bb6c7
48.Ke3 Bc7xh2
{ resign }
0-1

[Event "Tourn. n9725"]
[Site "www.chess-mail.com"]
[Date "2018.04.18"]
[Round "1"]
[White "Coolant"]
[Black "Esperanza"]
[WhiteElo "2270"]
[BlackElo "2040"]
[Result "1-0"]
[Round "1"]
1.e4 c5
2.d4 cxd4
3.Ng1f3 d6
4.Qd1xd4 Nb8c6
5.Bf1b5 e5
6.Bb5xc6 bxc6
7.Qd4c4 Qd8c7
8.Nb1c3 Bc8e6
9.Qc4a4 Ng8f6
10.O-O Bf8e7
11.b3 O-O
12.Bc1a3 Rf8d8
13.Ra1d1 h6
14.Nf3d2 Nf6h5
15.Nd2c4 Nh5f4
16.Rf1e1 f6
17.Qa4a5 Qc7b8
18.Qa5a6 Qb8c7
19.Nc4a5 Ra8c8
20.Nc3a4 h5
21.Rd1d2  { time }
1-0

[Event "Tourn. n9637"]
[Site "www.chess-mail.com"]
[Date "2018.04.18"]
[Round "1"]
[White "Numanoid"]
[Black "Rons"]
[WhiteElo "2380"]
[BlackElo "2680"]
[Result "1-0"]
[Round "1"]
1.d4 Ng8f6
2.Bc1g5 Nf6e4
3.Bg5h4 c5
4.f3 g5
5.fxe4 gxh4
6.e3 Bf8h6
7.Qd1d3 Nb8c6
8.Ng1f3 Qd8b6
9.Nb1a3 Qb6xb2
10.Ra1b1 Qb2xa2
11.Qd3c3 cxd4
12.exd4 Qa2e6
13.d5 Qe6xe4
14.Kf2 Rh8g8
15.dxc6 dxc6
16.Na3c4 Bh6g7
17.Qc3d3 Qe4f4
18.g3 hxg3
19.hxg3 Qf4c7
20.Qd3e3 Bc8e6
21.Nc4e5 O-O-O
22.Bf1d3 Kb8
23.Bd3xh7 Rg8h8
24.c4 Rd8d6
25.Bh7d3 Rh8g8
26.Rh1h5 f6
27.Ne5g6 Be6f7
28.c5 Rd6d7
29.Rh5h7 Ka8
30.Rb1h1 Qc7d8
31.Bd3c2 e6
32.Kg2 a6
33.Bc2b1 Qd8c7
34.Qe3e1 e5
35.Bb1f5 Rd7d8
36.Qe1b4 Bf7d5
37.Qb4b6 Qc7f7
38.Rh1a1 Bd5c4
39.Rh7h4 Rd8d3
40.Ra1b1 Rd3b3
41.Rb1xb3 Bc4xb3
42.Ng6e7 Qf7xe7
43.Qb6xb3 Rg8d8
44.Qb3b4 Qe7f7
45.Qb4a5 Rd8d1
46.Qa5a4 Rd1d8
47.Rh4h1 Qf7e7
48.Qa4b4 Kb8
49.g4 Qe7c7
50.Qb4b3 Qc7e7
51.Rh1h7 a5
52.Qb3a2 a4
53.Nf3d2 Qe7xc5
54.Rh7xg7 Qc5e3
55.Nd2e4 Rd8d1
56.Rg7g8 Kc7
57.Qa2f2 Qe3xf2
58.Kxf2 Rd1d8
59.Rg8xd8 Kxd8
60.Ne4xf6 Ke7
61.g5 a3
62.Bf5b1 Ke6
63.Ke3 { resign }
1-0

[Event "Tourn. n9742"]
[Site "www.chess-mail.com"]
[Date "2018.04.18"]
[Round "1"]
[White "Fantomas"]
[Black "Esperanza"]
[WhiteElo "2290"]
[BlackElo "2040"]
[Result "1-0"]
[Round "1"]
1.e4 c5
2.Ng1f3 d6
3.Bf1c4 e6
4.O-O Ng8f6
5.Rf1e1 a6
6.c3 Bf8e7
7.d4 b6
8.h3 Bc8b7
9.e5 Nf6d7
10.exd6 Be7xd6
11.d5 e5
12.Bc1f4 b5
13.Bf4xe5 Bd6xe5
14.Nf3xe5 O-O
15.Bc4b3 c4
16.Bb3c2  { time }
1-0

[Event "Tourn. n9769"]
[Site "www.chess-mail.com"]
[Date "2018.04.18"]
[Round "1"]
[White "Falcoale"]
[Black "Reda"]
[WhiteElo "1860"]
[BlackElo "1840"]
[Result "1-0"]
[Round "1"]
1.e4 e5
2.Ng1f3 Nb8c6
3.b3 Ng8f6
4.Nb1c3 d6
5.Bc1b2 d5
6.d3 d4
7.Nc3b1 Bf8b4
8.Nb1d2 Bc8e6
9.a3 Bb4d6
10.Nd2c4 O-O
11.Nc4xd6 Qd8xd6
12.Qd1d2 h6
13.Bf1e2 Nc6e7
14.b4 c5
15.bxc5 Qd6xc5
16.O-O Ra8c8
17.Rf1c1 Qc5b5
18.Qd2b4 Qb5xb4
19.axb4 Ne7c6
20.b5 Nc6e7
21.Nf3xe5 Rc8a8
22.Bb2xd4 Rf8d8
23.Bd4b2 Rd8c8
24.f4 Rc8c7
25.c4 Nf6d7
26.Ne5xd7 Rc7xd7
27.f5 Be6xf5
28.exf5 Ne7xf5
29.Be2g4 g6
30.Bg4xf5 gxf5
31.d4 Ra8e8
32.Ra1xa7 Re8e2
33.Bb2c3 Kf8
34.d5 Ke7
35.Bc3b4 Kd8
36.Ra7a8 Kc7
37.d6 Kb6
38.Bb4a5 Kc5
39.Ba5c7 Re2e4
40.b6 Re4xc4
41.Rc1xc4 Kxc4
42.Ra8a7 f4
43.Ra7xb7 Kc5
44.Rb7a7 { resign }
1-0

[Event "Tourn. n9728"]
[Site "www.chess-mail.com"]
[Date "2018.04.18"]
[Round "1"]
[White "Esperanza"]
[Black "Abuelo"]
[WhiteElo "2040"]
[BlackElo "2120"]
[Result "0-1"]
[Round "1"]
1.d4 d5
2.c4 dxc4
3.Ng1f3 Bc8f5
4.e3 Bf5xb1
5.Ra1xb1 b5
6.a4 c6
7.axb5 cxb5
8.Nf3e5 Qd8d5
9.b3 cxb3
10.Bf1e2 Ng8f6
11.Be2f3 Nf6e4
12.Rb1xb3 Nb8d7
13.Ne5xd7 Kxd7
14.Qd1d3 f5
15.Rb3xb5 Qd5e6
 { time }
0-1

[Event "Tourn. n9725"]
[Site "www.chess-mail.com"]
[Date "2018.04.18"]
[Round "1"]
[White "Esperanza"]
[Black "Prize64"]
[WhiteElo "2040"]
[BlackElo "2130"]
[Result "0-1"]
[Round "1"]
1.d4 Ng8f6
2.c4 g6
3.Nb1c3 Bf8g7
4.e4 d6
5.h3 O-O
6.Bc1g5 c5
7.d5 a6
8.Bf1d3 b5
9.cxb5 axb5
10.Nc3xb5 Nf6xe4
11.Bd3xe4 Qd8a5
12.Nb5c3 Bg7xc3
13.bxc3 Qa5xc3
14.Bg5d2 Qc3d4
 { time }
0-1

[Event "Tourn. n9732"]
[Site "www.chess-mail.com"]
[Date "2018.04.18"]
[Round "1"]
[White "Esperanza"]
[Black "Apdash"]
[WhiteElo "2040"]
[BlackElo "2170"]
[Result "0-1"]
[Round "1"]
1.d4 d5
2.c4 e6
3.Nb1c3 Ng8f6
4.cxd5 exd5
5.Bc1g5 Bf8e7
6.e3 O-O
7.Bf1d3 Nb8d7
8.Qd1c2 h6
9.Bg5f4 a6
10.Ng1f3 c5
11.O-O c4
12.Bd3f5 b5
13.a3 Nd7b6
14.Nf3e5 Bc8xf5
15.Qc2xf5 Qd8c8
16.Qf5xc8 Ra8xc8
 { time }
0-1

[Event "Tourn. n9741"]
[Site "www.chess-mail.com"]
[Date "2018.04.18"]
[Round "1"]
[White "Esperanza"]
[Black "Coolant"]
[WhiteElo "2040"]
[BlackElo "2240"]
[Result "0-1"]
[Round "1"]
1.d4 d5
2.c4 e6
3.Nb1c3 Ng8f6
4.cxd5 exd5
5.Bc1g5 Bf8e7
6.e3 O-O
7.Bf1d3 c6
8.Qd1c2 Nb8d7
9.Ng1f3 h6
10.Bg5f4 Rf8e8
11.O-O Nd7b6
12.h3 Bc8e6
13.Nf3e5 Ra8c8
14.Bd3f5 Be7d6
15.Bf5xe6 Re8xe6
 { time }
0-1

[Event "Tourn. n9721"]
[Site "www.chess-mail.com"]
[Date "2018.04.18"]
[Round "1"]
[White "Esperanza"]
[Black "Ditto"]
[WhiteElo "2020"]
[BlackElo "1980"]
[Result "0-1"]
[Round "1"]
1.d4 d5
2.c4 c6
3.Nb1c3 Bc8f5
4.cxd5 cxd5
5.Qd1b3 e6
6.Qb3xb7 Nb8d7
7.Bc1f4 Bf8e7
8.e3 Ng8f6
9.Bf1b5 a6
10.Bb5xa6 O-O
11.Ng1f3 Nf6e4
12.O-O Ra8b8
13.Bf4xb8 Nd7xb8
14.Nc3xe4 Bf5xe4
15.Nf3e5 Be7d6
 { time }
0-1

[Event "Match"]
[Site "www.echecsemail.com"]
[Date "2018.04.18"]
[Round "1"]
[White "Jovaras"]
[Black "Chapi"]
[WhiteElo "2130"]
[BlackElo "2110"]
[Result "1-0"]
[Round "1"]
1.e4 c5
2.Ng1f3 Nb8c6
3.Bf1b5 d6
4.O-O Bc8d7
5.c3 g6
6.d4 cxd4
7.cxd4 Bf8g7
8.Nb1c3 a6
9.Bb5xc6 bxc6
10.Bc1e3 Ng8f6
11.Qd1d2 O-O
12.h3 Nf6e8
13.Nf3h2 Ne8c7
14.f4 Nc7b5
15.Nh2f3 Qd8c7
16.Ra1c1 e5
17.fxe5 dxe5
18.dxe5 Ra8d8
19.Qd2f2 Qc7b8
20.Be3f4 Qb8b7
21.Rf1d1 Rf8e8
22.Qf2g3 Nb5xc3
23.bxc3 c5
24.Rd1e1 Bd7c6
25.Nf3d2 Re8e7
26.Bf4g5 Bg7xe5
27.Qg3e3 f6
28.Bg5f4 g5
29.Bf4xe5 Re7xe5
30.Rc1b1 Qb7e7
31.Rb1b6 Rd8d6
32.Rb6xa6 Rd6e6
33.g4 Kg7
34.Qe3d3 Bc6xe4
35.Ra6xe6 Qe7xe6
36.Re1xe4 Re5xe4
37.Qd3xe4 Qe6xa2
38.Qe4d3 Qa2a7
39.Nd2c4 Qa7e7
40.Qd3e3 Kf7
41.Qe3xe7 Kxe7
42.Kf2 Ke6
43.Nc4e3 Ke5
44.Kf3 h6
45.Ne3c4 Kd5
46.Nc4b6 Kd6
47.Ke4 Kc6
48.Nb6a4 Kb5
49.Na4xc5 Kxc5
50.Kf5 Kc4
51.Kxf6 { resign }
1-0

[Event "Match"]
[Site "www.echecsemail.com"]
[Date "2018.04.18"]
[Round "1"]
[White "Ericleo1980"]
[Black "Gegonz"]
[WhiteElo "2170"]
[BlackElo "1610"]
[Result "1/2-1/2"]
[Round "1"]
1.e4 g6
2.d4 Bf8g7
3.Nb1c3 d6
4.Bc1e3 Ng8f6
5.f3 O-O
6.Bf1c4 c6
7.Bc4b3 Nb8d7
8.a4 e6
9.Ng1e2 d5
10.e5 Nf6e8
11.Nc3a2 Ne8c7
12.c3 c5
13.Qd1d2 c4
14.Bb3c2 f6
15.exf6 Nd7xf6
16.Be3h6 Nf6e4
17.Bc2xe4 Qd8h4
{ draw }
1/2-1/2

[Event "Match"]
[Site "www.echecsemail.com"]
[Date "2018.04.18"]
[Round "1"]
[White "Guillaumefi"]
[Black "Libiesse"]
[WhiteElo "1399"]
[BlackElo "1880"]
[Result "0-1"]
[Round "1"]
1.d4 d5
2.Bc1f4 e6
3.e3 c5
4.Ng1f3 Ng8f6
5.Nf3e5 cxd4
6.Bf4g5 Nb8c6
7.exd4 Qd8b6
8.Ne5xc6 bxc6
9.b3 Bf8e7
10.Bf1e2 O-O
11.O-O h6
12.Bg5xh6 gxh6
13.c3 Qb6c7
14.Nb1d2 Kh8
15.Be2f3 Rf8g8
16.g3 c5
17.Ra1c1 cxd4
18.c4 a5
19.cxd5 Qc7a7
20.d6 Be7xd6
21.Nd2c4 Bd6f4
22.Rc1c2 Nf6d5
23.Kh1 Bf4g5
24.Nc4d6 Bg5f6
25.Qd1d2 Bf6g7
26.Bf3h5 Rg8f8
27.Nd6b5 Qa7b6
28.Nb5a3 e5
29.Bh5f3 Bc8b7
30.Na3c4 Qb6e6
31.Bf3g2 Rf8c8
32.Rf1c1 d3
33.Qd2xd3 Nd5b4
34.Nc4d6 Bb7xg2
35.Kxg2 Nb4xd3
{ resign }
0-1

[Event "Match"]
[Site "www.echecsemail.com"]
[Date "2018.04.18"]
[Round "1"]
[White "Whitekknight"]
[Black "Fegatux"]
[WhiteElo "1910"]
[BlackElo "2370"]
[Result "0-1"]
[Round "1"]
1.e4 e5
2.Ng1f3 Nb8c6
3.Bf1c4 Bf8c5
4.O-O Ng8f6
5.Nb1c3 O-O
6.h3 d6
7.Rf1e1 h6
8.Bc4f1 Rf8e8
9.d3 d5
10.exd5 Nf6xd5
11.Nc3e4 Bc5b6
12.c3 a5
13.Bc1e3 Nd5xe3
14.fxe3 Bc8f5
15.Ne4f2 Qd8e7
16.Qd1d2 Ra8d8
17.Qd2e2 Bf5g6
18.Nf2g4 Bg6xd3
19.Qe2f2 Bd3e4
20.Nf3d2 Be4g6
21.Kh1 e4
22.Ra1d1 Rd8d5
23.Qf2g3 Re8d8
24.Re1e2 h5
25.Ng4h2 Qe7g5
26.Qg3xg5 Rd5xg5
27.Rd1e1 Nc6e5
28.Re2f2 Ne5d3
29.Bf1xd3 Rd8xd3
30.Nh2f1 c6
31.Nd2c4 Bb6c7
32.Rf2d2 Rd3xd2
33.Nf1xd2 b5
34.Nc4a3 Rg5d5
35.Na3b1 h4
36.Kg1 Bc7g3
37.Re1c1 Rd5d3
38.Nd2f1 Bg6h5
39.Nf1xg3 hxg3
40.Rc1e1 a4
41.a3 g5
42.Kf1 c5
{ resign }
0-1

[Event "Tourn. n9721"]
[Site "www.chess-mail.com"]
[Date "2018.04.19"]
[Round "1"]
[White "Osopanda"]
[Black "Esperanza"]
[WhiteElo "1910"]
[BlackElo "2020"]
[Result "1-0"]
[Round "1"]
1.e4 c5
2.Ng1f3 d6
3.d4 cxd4
4.Nf3xd4 Ng8f6
5.Nb1c3 e6
6.Bf1e2 a6
7.O-O Bf8e7
8.f4 Qd8c7
9.Be2f3 O-O
10.Bc1e3 Nb8c6
11.Nd4xc6 bxc6
12.e5 Nf6d5
13.Nc3xd5 cxd5
14.exd6 Be7xd6
15.c4 Qc7xc4
16.Ra1c1 Qc4xa2
17.Rc1c6 Bd6e7
18.f5 Qa2xb2
19.Be3d4  { time }
1-0

[Event "Tourn. n9722"]
[Site "www.chess-mail.com"]
[Date "2018.04.19"]
[Round "1"]
[White "Bigrezi"]
[Black "Piekki"]
[WhiteElo "2260"]
[BlackElo "2190"]
[Result "0-1"]
[Round "1"]
1.e4 c5
2.Ng1f3 e6
3.d4 cxd4
4.Nf3xd4 Nb8c6
5.Bf1e2 a6
6.O-O Qd8c7
7.Nb1c3 Ng8f6
8.Bc1e3 Bf8e7
9.f4 d6
10.Nd4xc6 bxc6
11.Qd1e1 Bc8b7
12.Qe1g3 Rh8g8
13.e5 Nf6d5
14.Nc3xd5 cxd5
15.Be2d3 g6
16.Be3d4 Kd7
17.Qg3e3 Bb7c6
18.a4 Rg8b8
19.b3 a5
20.Kh1 h5
21.Ra1e1 Rb8f8
22.exd6 Qc7xd6
23.Bd4e5 Qd6b4
24.Re1d1 Be7c5
25.Qe3e2 Qb4b7
26.Rd1b1 d4
27.Rf1f2 Bc6xa4
28.Bd3e4 Ba4c6
29.Be4xc6 Qb7xc6
30.Qe2d3 Rf8d8
31.Be5f6 Bc5e7
32.Qd3xd4 Ke8
33.Qd4e5 Rd8d5
34.Qe5b2 Ra8d8
35.Rf2f1 Rd5d2
36.Rb1c1 Qc6xg2

0-1

[Event "Tourn. n9722"]
[Site "www.chess-mail.com"]
[Date "2018.04.19"]
[Round "1"]
[White "Piekki"]
[Black "Esperanza"]
[WhiteElo "2190"]
[BlackElo "2040"]
[Result "1-0"]
[Round "1"]
1.g3 d5
2.Bf1g2 e6
3.d3 Ng8f6
4.Nb1d2 Bf8e7
5.e4 dxe4
6.dxe4 O-O
7.Ng1f3 b6
8.O-O Bc8b7
9.Qd1e2 h6
10.Rf1d1 Qd8c8
11.c4 Rf8d8
12.e5 Nf6d7
13.Nd2e4 c5
14.Ne4d6 Be7xd6
15.Rd1xd6 Nb8c6
16.h4 Qc8c7
17.Bc1f4 Nc6e7
18.Ra1d1  { time }
1-0

[Event "Tourn. n9751"]
[Site "www.chess-mail.com"]
[Date "2018.04.19"]
[Round "1"]
[White "Sbb"]
[Black "Roserl"]
[WhiteElo "2640"]
[BlackElo "2280"]
[Result "1-0"]
[Round "1"]
1.d4 d5
2.c4 e6
3.Ng1f3 Ng8f6
4.g3 Bf8e7
5.Bf1g2 O-O
6.O-O c5
7.dxc5 Be7xc5
8.cxd5 Nf6xd5
9.a3 Nb8c6
10.b4 Bc5b6
11.Bc1b2 a6
12.Nb1d2 Bc8d7
13.e4 Nd5f6
14.Ra1c1 Ra8c8
15.Nd2c4 Bb6c7
16.Rf1e1 Qd8e7
17.e5 Nf6d5
18.Nf3d2 b5
19.Nc4d6 Bc7xd6
20.exd6 Qe7xd6
{ time. }
1-0

[Event "Tourn. n9778"]
[Site "www.chess-mail.com"]
[Date "2018.04.19"]
[Round "1"]
[White "Jjmcbride"]
[Black "Ermejo69"]
[WhiteElo "1720"]
[BlackElo "1689"]
[Result "0-1"]
[Round "1"]
1.e4 e6
2.e5 d6
3.f4 dxe5
4.Ng1e2 exf4
5.Ne2xf4 Ng8f6
6.d3 Bf8e7
7.c4 O-O
8.Bc1e3 e5
9.Nf4e2 Nf6g4
10.Be3d2 Be7c5
 { time }
0-1

[Event "Tourn. n9748"]
[Site "www.chess-mail.com"]
[Date "2018.04.19"]
[Round "1"]
[White "Esperanza"]
[Black "Falcoale"]
[WhiteElo "2040"]
[BlackElo "1870"]
[Result "0-1"]
[Round "1"]
1.d4 Ng8f6
2.c4 b6
3.Nb1c3 Bc8b7
4.f3 e6
5.Bc1g5 h6
6.Bg5h4 Bf8e7
7.e4 O-O
8.Bf1d3 c6
9.Ng1e2 d5
10.e5 Nf6d7
11.Bh4xe7 Qd8xe7
12.O-O a6
 { time }
0-1